1. Basil: The freshest boy ; 2. Three hours between planes

Αποθηκεύτηκε σε:
Λεπτομέρειες βιβλιογραφικής εγγραφής
Κύριος συγγραφέας: Fitzgerald, F. Scott (Francis Scott), 1896-1940
Άλλοι συγγραφείς: Κόρδα, Άννα (Επιμελητής έκδοσης)
Μορφή: Βιβλίο
Γλώσσα:English
Δημοσίευση: Αθήνα : Παπαζήσης, 1997
Σειρά:I.L.S. International Learning System
Θέματα:
Ετικέτες: Προσθήκη ετικέτας
Δεν υπάρχουν, Καταχωρήστε ετικέτα πρώτοι!

MARC

LEADER 00000cam a2200000 i 4500
001 1/11629
008 000913s1929 eng d
020 |a 960-02-1260-0 
035 |l 10063903 
040 |a GR-MY-UA  |b gre  |e aacr 
041 0 |a eng 
082 0 |a 813.52 
100 1 |a Fitzgerald, F. Scott   |q (Francis Scott),   |d 1896-1940. 
245 1 0 |a 1. Basil: The freshest boy ; 2. Three hours between planes /  |c F. S. Fitzgerald ; edited and illustrated by Diana Kordas 
260 |a Αθήνα :   |b Παπαζήσης,   |c 1997 
300 |a 91 p.;  |c 12 cm 
490 1 |a I.L.S. International Learning System 
504 |a Includes index 
650 0 0 |a American fiction. 
650 0 0 |a English language  |x Usage. 
700 1 |a Κόρδα, Άννα.  |4 edt 
830 0 |a I.L.S. International Learning System 
852 |a INST  |b CHIOS  |e 20000913  |h 813.52 FIT  |p 005200018397  |q 005200018397  |t BK  |y 0 
901 |a BIBL2-2000-3 
909 |a Χ  |b 074705 
970 |z 2000/09/LITSA